000 00886nam a22002051 4500
001 130081
003 ES-MaACL
005 20230906193633.0
007 t|
008 180707s1953 sp ||||0| spa d
016 7 _zIND9200519620
040 _aM-BN
_bspa
_cA2
080 _a347.724/25(083.2)
100 1 _aLopera, Francisco.
_973284
245 1 0 _aSociedades limitadas según la Ley de Régimen Jurídico de las Sociedades de Responsabilidad Limitada de 17 de julio 1953
_b: Formularios /
_cpor F. Lopera.
260 _aMadrid :
_b[s.n,
_c1953] (
_fGráf. La Torre)
300 _a48 p ;
_c20 cm.
500 _aContiene además con port. propia: Sociedades Anónimas según la Ley de 17 de Julio de 1951 sobre Regimen jurídico de las Sociedades anónimas. Formularios, por F. Lopera. Madrid.- [Gráf. La Torre].- (S.a.: 1953). 16 pág.
852 _aES-MaACL
_j1958-F-8
_bR.35274
999 _c130081
_d130081